| 000 | 01246pam a2200385 i 4500 | ||
|---|---|---|---|
| 001 | z9uwyp b3332570 | ||
| 003 | DLC | ||
| 005 | 20160809212340.0 | ||
| 008 | 971222s1998 nyua b 000 1 spa | ||
| 010 | _a 97042445 | ||
| 020 |
_a0805059679 : _c$17.95 |
||
| 040 |
_aDLC _cDLC _dDLC |
||
| 041 | 1 |
_aspa _heng |
|
| 050 | 1 | 0 |
_aPZ74.3 _b.M335 1998 |
| 082 | 0 | 0 |
_a[E] _221 |
| 082 | 1 | 4 | _aE |
| 090 |
_aE _bMar |
||
| 100 | 1 |
_aMartin, Bill, _d1916- |
|
| 240 | 1 | 0 |
_aBrown bear, brown bear, what do you see? _lSpanish. |
| 245 | 1 | 0 |
_aOso pardo, oso pardo, qu ves ah? / _cpor Bill Martin, Jr. ; ilustraciones de Eric Carle ; traduccin de Teresa Mlawer. |
| 250 | _a1st ed. | ||
| 260 |
_aNew York : _bH. Holt, _cc1998. |
||
| 300 |
_a1 v. (unpaged) : _bcol. ill. ; _c27 cm. |
||
| 510 | 4 |
_aBooklist, _cJuly 01, 1999. |
|
| 510 | 4 |
_aSchool Library Journal, _cNovember 01, 1998. |
|
| 520 | _aIn a question and answer game, a teacher and her group see a variety of animals, each one a different color. | ||
| 521 | 1 |
_a3-6. _bBrodart. |
|
| 521 | 2 |
_aP-1. _bBrodart. |
|
| 650 | 1 |
_aColor _vFiction. |
|
| 650 | 1 |
_aAnimals _vFiction. |
|
| 650 | 1 | _aSpanish language materials. | |
| 700 | 1 |
_aCarle, Eric, _eill. |
|
| 700 | 1 | _aMlawer, Teresa. | |
| 942 | _cBK | ||
| 999 |
_c16129 _d16129 |
||